Harry Potter by Any 3 Letters Quiz Stats

 Plays Quiz Updated Oct 19, 2013

Support Sporcle.
Go Orange.
Score 0/200 Timer 08:00
2 Plays Today
Character % Correct
Harry Potter
98.9%
Charlie Weasley
98.5%
Ron Weasley
97.6%
Hermione Granger
96%
Ginny Weasley
95.8%
Fred Weasley
95.8%
Molly Weasley
95.5%
George Weasley
95.5%
James Sirius Potter
95.2%
Arthur Weasley
95.1%
Albus Dumbledore
95.1%
Bill Weasley
95%
Albus Severus Potter
94.8%
Percy Weasley
94.8%
Kendra Dumbledore
94.3%
Aberforth Dumbledore
94.2%
James Potter
93.7%
Lily Potter
93.5%
Ariana Dumbledore
93.4%
Voldemort
92.7%
Salazar Slytherin
92.5%
Professor Snape
92%
Professor McGonagall
91.6%
Rubeus Hagrid
90.8%
Gilderoy Lockhart
90.2%
Madam Malkin
89.7%
Zacharias Smith
89.6%
Draco Malfoy
88.6%
Narcissa Malfoy
88%
Sirius Black
87.6%
Lucius Malfoy
87.5%
Neville Longbottom
87.3%
Professor Flitwick
87%
Mundungus Fletcher
86.9%
Petunia Dursley
86.2%
Phineas Nigellus Black
86.1%
Kreacher
86.1%
Bellatrix Lestrange
85.8%
Professor Grubbly-Plank
85.7%
Augusta Longbottom
85.6%
Tom Riddle Sr.
85.5%
Marge Dursley
85%
Wormtail
84.9%
Marvolo Gaunt
84.7%
Dolores Umbridge
84.4%
Vernon Dursley
84.2%
Professor Trelawney
83.9%
Professor Sprout
83.8%
Bloody Baron
83.5%
Mrs. Black
83.1%
Regulus Black
82.4%
Dudley Dursley
82.4%
Blaise Zabini
82.3%
Professor Quirrell
81.4%
Gellert Grindelwald
80.8%
Rowena Ravenclaw
80.6%
Ludo Bagman
80%
Justin Finch-Fletchley
79.7%
Nearly Headless Nick
79.6%
Arabella Figg
79.1%
Barty Crouch Sr.
79.1%
Barty Crouch Jr.
79%
Remus Lupin
78.8%
Griselda Marchbanks
78.8%
Cho Chang
78%
Gregory Goyle
78%
Crookshanks
77.9%
Character % Correct
Professor Slughorn
77.1%
Antonin Dolohov
77.1%
Warrington
77%
Armando Dippet
76.9%
Godric Gryffindor
76.8%
Luna Lovegood
76.7%
Helga Hufflepuff
76.5%
Madam Hooch
75.9%
Madam Pomfrey
75.7%
Mary Cattermole
75.7%
Marcus Flint
75.4%
Fleur Delacour
75.3%
Nymphadora Tonks
74.9%
Xenophilius Lovegood
74.3%
Marcus Belby
74.1%
Professor Binns
74%
Mr. Ollivander
73.7%
Wilkie Twycross
72%
Grawp
72%
Morfin Gaunt
71.4%
Vincent Crabbe
71.4%
Kingsley Shacklebolt
71.3%
Seamus Finnigan
71.1%
Katie Bell
71%
Ted Tonks
70.9%
Alastor Moody
70.7%
Dobby
70.7%
Lavender Brown
70.6%
Travers
70.5%
Colin Creevey
70.3%
Cornelius Fudge
70%
Gabrielle Delacour
69.9%
Pansy Parkinson
69.7%
Albert Runcorn
69.6%
Cedric Diggory
69.5%
Angelina Johnson
69.5%
Madam Rosmerta
69.2%
Caractacus Burke
68%
Amycus Carrow
67.8%
Nicolas Flamel
67.7%
Oliver Wood
67.6%
Michael Corner
67.4%
Dean Thomas
67.3%
Beedle the Bard
67.2%
Madame Maxime
67.2%
Parvati Patil
66.4%
Fenrir Greyback
65.5%
Griphook
65.2%
Reg Cattermole
64.9%
Madam Pince
64.8%
Dennis Creevey
64.3%
Padma Patil
64.2%
Viktor Krum
64%
Amos Diggory
63.6%
Bertha Jorkins
63.4%
Gregorovitch
63.3%
Dirk Cresswell
62.8%
Hedwig
62.1%
Ernie Macmillan
61.8%
Fang
61.7%
Professor Tofty
61.6%
Ronan
61.5%
Marietta Edgecombe
61.1%
Alecto Carrow
61.1%
Dedalus Diggle
60.9%
Bathilda Bagshot
60.6%
Mrs. Norris
60.5%
Character % Correct
Augustus Rookwood
60.2%
Broderick Bode
60%
Cormac McLaggen
60%
Ernie Prang
60%
Merope Gaunt
59.4%
Rita Skeeter
59.1%
Norbert
59.1%
Rufus Scrimgeour
58.4%
Terry Boot
58%
Tom
57.9%
Nagini
57.4%
Alicia Spinnet
55.5%
Trevor
54.9%
Millicent Bulstrode
53.5%
Demelza Robins
53.4%
Amelia Bones
53.2%
Argus Filch
52.7%
Igor Karkaroff
51.9%
Hannah Abbott
51.8%
Moaning Myrtle
51.4%
Pigwidgeon
50.6%
Walden Macnair
50.2%
Romilda Vane
50.2%
Mrs. Cole
49.7%
Yaxley
49.2%
Fluffy
48.6%
Aragog
47.8%
Sturgis Podmore
47.6%
Winky
47.2%
Hassan Mostafa
47.1%
Mr. Borgin
46.8%
Hepzibah Smith
46.4%
Buckbeak
45.7%
Firenze
45.7%
Stan Shunpike
45.5%
Lee Jordan
45.3%
Pius Thicknesse
44.8%
Fat Lady
44.8%
Hestia Jones
43.4%
Mr. Roberts
43.3%
Bane
42.2%
Dawlish
41.4%
Frank Bryce
40.3%
Peeves
39.8%
Karkus
38.6%
Piers Polkiss
38%
Sir Cadogan
37.6%
Scabior
37.3%
Moran
37.1%
Avery
36.4%
Roger Davies
36.2%
Magorian
35.6%
Errol
33.7%
Bob Ogden
33.4%
Mafalda Hopkirk
32.4%
Elphias Doge
31%
Hokey
28.4%
Bogrod
28.4%
Aidan Lynch
28.1%
Leanne
27.8%
Montague
27.5%
Fawkes
27.1%
Aunt Muriel
26.6%
Troy
24.6%
Jimmy Peakes
24.5%
Adrian Pucey
23.7%

From the Vault

Academy Award for Best Actor (2000s)

by Pilgab

Movies 2m
Daniel Day-Lewis still wants to drink your milkshake.
Remove Ads.
Support Sporcle.
Get the best of Sporcle when you Go Orange. This ad-free experience offers more features, more stats, and more fun while also helping to support Sporcle. Thank you for becoming a member.

Show Comments

Extras

Top Quizzes Today


Score Distribution

Your Account Isn't Verified!

In order to create a playlist on Sporcle, you need to verify the email address you used during registration. Go to your Sporcle Settings to finish the process.

Report this User

Report this user for behavior that violates our Community Guidelines.

Details: